000 01203nam a22002417a 4500
005 20210325204704.0
008 s2552 th tha d
020 _a9789743009037
041 _atha
050 _aBQ 942 ห313 2553 ล.5
100 0 _aสุทัศน์ ชาญวิเศษ
245 1 0 _aหลวงตาวัดป่าบ้านตาด 5 : รวมเรื่องเล่า...สิ่งที่เห็น
260 3 _aกรุงเทพฯ :
_bสัจจะ พับลิชชิ่ง เน็ตเวิร์ค,
_c2552
300 _a362 หน้า :
_b ภาพประกอบ ;
_c 21 ซม.
650 0 4 _aการปฏิบัติธรรม
650 0 4 _aพระธรรมวิสุทธิมงคล (หลวงตามหาบัว ญาณสัมปันโน), 2456--
650 0 4 _aหลวงตามหาบัว ญาณสัมปันโน, 2456--
850 _aNALT
942 _cGB
997 _aบ 23195
997 _c000000000061555
998 _aนางสาวชัชฎา จูฑะรักษ์
999 _c61555
_d61555